Programa /
Descripción Física:
2 volum : taules ; 29 cm
Idioma:
Catalán
MARC
| LEADER | 00000nam a2200000Ia 4500 | ||
|---|---|---|---|
| 001 | 21130, 21192 | ||
| 003 | Arxiu | ||
| 005 | 20260324181050.0 | ||
| 008 | 160829m20082009spckxx s cat c | ||
| 040 | |a AGDB | ||
| 080 | |a FU-28-6 | ||
| 080 | |a FU-32-7 | ||
| 110 | |a Barcelona (Catalunya : Província). |b Oficina Tècnica de Prevenció Municipal d'Incendis Forestals |9 9456 | ||
| 245 | 1 | 0 | |a Programa / |c Oficina Tècnica de Prevenció Municipal d'Incendis |
| 260 | |a Barcelona : |b Diputació de Barcelona. Àrea d'Espais Naturals, |c 2008-2009 | ||
| 300 | |a 2 volum : |b taules ; |c 29 cm | ||
| 650 | 0 | |a Incendis forestals |x Prevenció i control |9 50256 | |
| 710 | |a Barcelona (Catalunya : Província). |b Àrea d'Espais Naturals |9 9050 |e entitat editora | ||
| 866 | |a 2008, 2009 | ||
| 901 | |a Arxiu | ||
| 942 | |n 1 |2 udc |c ARXIU | ||
| 952 | |0 0 |1 0 |4 0 |6 FU286 |7 1 |9 51235 |a Arxiu |b Arxiu |d 2023-03-30 |h 2008 |o FU-28-6 |p 21130 |r 2016-12-01 00:00:00 |w 2016-12-01 |y ARXIU | ||
| 952 | |0 0 |1 0 |4 0 |6 FU327 |7 1 |9 65896 |a Arxiu |b Arxiu |d 2023-03-30 |h 2009 |l 0 |o FU-32-7 |p 21192 |r 2023-03-30 00:00:00 |w 2023-03-30 |y ARXIU | ||
| 999 | |c 55078 |d 55078 | ||